[Event "Asia zt 3.3"]
[Site "Jakarta"]
[Date "2023.05.10"]
[Round "6"]
[White "Juswanto, Denny"]
[Black "Chia, Yu Zhe Ashton"]
[Result "1-0"]
[WhiteElo "2375"]
[BlackElo "2191"]
[PlyCount "91"]
[EventDate "2023.05.06"]
[EventType "swiss"]
[EventRounds "9"]
[EventCountry "INA"]
[SourceTitle "CBM 214 Extra"]
[Source "ChessBase"]
[SourceDate "2023.07.31"]
[SourceVersion "1"]
[SourceVersionDate "2023.07.31"]
[SourceQuality "1"]

1. c4 e5 2. Nc3 Nc6 3. g3 f5 4. Bg2 Nf6 5. d3 Bb4 6. Bd2 Bxc3 7. Bxc3 d6 8. Nf3 0-0 9. 0-0 Qe8 10. b4 Rb8 11. Qb3 f4 12. b5 Ne7 13. c5+ Kh8 14. cxd6 cxd6 15. Bb4 Nf5 16. Qa3 Qxb5 17. Bxd6 Nxd6 18. Qxd6 Bg4 19. Rfb1 Qd7 20. Qxe5 fxg3 21. hxg3 Rbe8 22. Qd4 Qxd4 23. Nxd4 Bxe2 24. Nxe2 Rxe2 25. Rxb7 g6 26. Bf3 Rd2 27. Rxa7 Rxd3 28. Kg2 Nd7 29. Bg4 Ne5 30. Rh1 Rf7 31. Rxf7 Nxf7 32. Re1 Ra3 33. Be6 Kg7 34. Bb3 Ra7 35. Re6 Nd8 36. Rd6 Nf7 37. Rd5 Kf6 38. a4 Rb7 39. Rb5 Rc7 40. Bxf7 Kxf7 41. a5 h5 42. a6 Rc3 43. Ra5 Rc8 44. a7 Ra8 45. f3 Kg7 46. Ra6 1-0

[Event "Asia zt 3.3"]
[Site "Jakarta"]
[Date "2023.05.10"]
[Round "7"]
[White "Tan, Jun Ying"]
[Black "Juswanto, Denny"]
[Result "0-1"]
[WhiteElo "2307"]
[BlackElo "2375"]
[PlyCount "70"]
[EventDate "2023.05.06"]
[EventType "swiss"]
[EventRounds "9"]
[EventCountry "INA"]
[SourceTitle "CBM 214 Extra"]
[Source "ChessBase"]
[SourceDate "2023.07.31"]
[SourceVersion "1"]
[SourceVersionDate "2023.07.31"]
[SourceQuality "1"]

1. d4 d6 2. Nf3 g6 3. c4 Bg7 4. Nc3 Bg4 5. e3 Nf6 6. Be2 0-0 7. 0-0 Nc6 8. d5 Bxf3 9. Bxf3 Ne5 10. Be2 c6 11. e4 Rc8 12. Be3 cxd5 13. cxd5 Nfd7 14. Bd4 Nb6 15. f4 Ned7 16. Bxg7 Kxg7 17. Qd4+ Kg8 18. Rac1 a6 19. b4 Ra8 20. e5 a5 21. Ne4 axb4 22. Bg4 Ra5 23. e6 Rxd5 24. Qxb4 Nc5 25. exf7+ Rxf7 26. Ng5 Rf6 27. Rb1 h6 28. Ne4 Nxe4 29. Qxe4 Rc5 30. Qxb7 d5 31. Rfe1 Qd6 32. Kh1 Rc7 33. Qb8+ Kg7 34. Qe8 Rf8 35. Qb5 Nc4 0-1

[Event "Asia zt 3.3"]
[Site "Jakarta"]
[Date "2023.05.08"]
[Round "4"]
[White "Juswanto, Denny"]
[Black "Kao, Jamison Edrich"]
[Result "1-0"]
[WhiteElo "2375"]
[BlackElo "1667"]
[PlyCount "59"]
[EventDate "2023.05.06"]
[EventType "swiss"]
[EventRounds "9"]
[EventCountry "INA"]
[SourceTitle "CBM 214 Extra"]
[Source "ChessBase"]
[SourceDate "2023.07.31"]
[SourceVersion "1"]
[SourceVersionDate "2023.07.31"]
[SourceQuality "1"]

1. Nf3 c5 2. c4 Nc6 3. g3 g6 4. Bg2 Bg7 5. Nc3 e6 6. 0-0 Nge7 7. d3 0-0 8. Bd2 d5 9. Qc1 d4 10. Na4 b6 11. a3 Rb8 12. b4 Qd6 13. Rb1 Bd7 14. Qc2 Rfc8 15. Rb2 e5 16. Rfb1 f6 17. bxc5 bxc5 18. Rb5 Rxb5 19. cxb5 Nd8 20. Nb2 Nd5 21. Nc4 Qe6 22. Ncxe5 Be8 23. Nc4 g5 24. a4 Bg6 25. Re1 Nf7 26. Na5 Nd6 27. Nc6 Nb7 28. Nxg5 fxg5 29. Bxd5 Qxd5 30. Ne7+ 1-0

[Event "Jakarta Japfa Cup"]
[Site "Jakarta"]
[Date "2022.05.08"]
[Round "8"]
[White "Situru, Muhammad Ivan"]
[Black "Juswanto, Denny"]
[Result "1/2-1/2"]
[WhiteElo "2276"]
[BlackElo "2391"]
[PlyCount "76"]
[EventDate "2022.05.05"]
[EventType "tourn"]
[EventRounds "10"]
[EventCountry "INA"]
[SourceTitle "CBM 208 Extra"]
[Source "ChessBase"]
[SourceDate "2022.07.31"]
[SourceVersion "1"]
[SourceVersionDate "2022.07.31"]
[SourceQuality "1"]

1. e4 c5 2. Nf3 d6 3. d4 cxd4 4. Nxd4 Nf6 5. Nc3 Nbd7 6. Bg5 h6 7. Bh4 a6 8. f4 e6 9. Qf3 Qc7 10. 0-0-0 Be7 11. Bd3 g5 12. fxg5 Ne5 13. Qe2 Nfg4 14. Nf3 hxg5 15. Bxg5 Bxg5+ 16. Nxg5 Qc5 17. Nh3 Bd7 18. Kb1 0-0-0 19. Rde1 Rdg8 20. a3 Kb8 21. Na2 Rh6 22. Nc1 Qb6 23. Qd2 Rf6 24. Re2 Rh6 25. Qf4 Bb5 26. Qd2 Be8 27. Na2 Rgh8 28. Nc1 Nd7 29. Qf4 Nge5 30. Qe3 Qc7 31. Rd2 Nb6 32. b3 d5 33. Re1 Ng4 34. Qf4 Qxf4 35. Nxf4 dxe4 36. Bxe4 Rxh2 37. Bf3 Nf6 38. Nfd3 Nbd7 1/2-1/2

[Event "Jakarta Japfa Cup"]
[Site "Jakarta"]
[Date "2022.05.07"]
[Round "6"]
[White "Sadikin The, Irwanto"]
[Black "Juswanto, Denny"]
[Result "1/2-1/2"]
[WhiteElo "2262"]
[BlackElo "2391"]
[PlyCount "57"]
[EventDate "2022.05.05"]
[EventType "tourn"]
[EventRounds "10"]
[EventCountry "INA"]
[SourceTitle "CBM 208 Extra"]
[Source "ChessBase"]
[SourceDate "2022.07.31"]
[SourceVersion "1"]
[SourceVersionDate "2022.07.31"]
[SourceQuality "1"]

1. d4 Nf6 2. c4 e6 3. Nc3 d5 4. Nf3 c6 5. Bg5 Nbd7 6. e3 h6 7. Bh4 Be7 8. Bd3 0-0 9. 0-0 b6 10. Rc1 Bb7 11. Qe2 a6 12. Rfd1 b5 13. c5 Ne4 14. Bxe7 Nxc3 15. Rxc3 Qxe7 16. e4 dxe4 17. Bxe4 Nf6 18. Ne5 Nxe4 19. Qxe4 Rfd8 20. Rg3 Rd5 21. Rdd3 f6 22. Ng6 Qf7 23. Nf4 Re8 24. h4 Rf5 25. Rg4 h5 26. Rgg3 Bc8 27. Rde3 a5 28. b3 Bd7 29. Nd3 1/2-1/2

[Event "Jakarta Japfa Cup"]
[Site "Jakarta"]
[Date "2022.05.06"]
[Round "4"]
[White "Juswanto, Denny"]
[Black "Purnama, Tirta Chandra"]
[Result "1-0"]
[WhiteElo "2391"]
[BlackElo "2267"]
[PlyCount "63"]
[EventDate "2022.05.05"]
[EventType "tourn"]
[EventRounds "10"]
[EventCountry "INA"]
[SourceTitle "CBM 208 Extra"]
[Source "ChessBase"]
[SourceDate "2022.07.31"]
[SourceVersion "1"]
[SourceVersionDate "2022.07.31"]
[SourceQuality "1"]

1. d4 Nf6 2. Nf3 g6 3. c4 Bg7 4. Nc3 0-0 5. Bg5 c5 6. e3 cxd4 7. exd4 d5 8. h3 Ne4 9. Be3 Nxc3 10. bxc3 dxc4 11. Bxc4 Qc7 12. Qb3 Nc6 13. Be2 Be6 14. Qa3 Bd5 15. 0-0 e5 16. Rfd1 Rfd8 17. Rac1 a6 18. dxe5 Nxe5 19. Nxe5 Qxe5 20. Qa5 Rd6 21. Qc7 Rad8 22. c4 Bc6 23. Qxd8+ Rxd8 24. Rxd8+ Bf8 25. Bf3 g5 26. Bxc6 bxc6 27. Rb1 h6 28. Rbb8 Qa1+ 29. Kh2 Qxa2 30. Rxf8+ Kg7 31. Bd4+ Kg6 32. g4 1-0

[Event "Jakarta Japfa"]
[Site "Jakarta"]
[Date "2014.04.24"]
[Round "9"]
[White "Juswanto, Denny"]
[Black "Kuderinov, Kirill"]
[Result "1/2-1/2"]
[WhiteElo "2402"]
[BlackElo "2448"]
[PlyCount "113"]
[EventDate "2014.04.20"]
[EventType "tourn"]
[EventRounds "9"]
[EventCountry "INA"]
[EventCategory "8"]
[SourceTitle "EXT 2015"]
[Source "ChessBase"]
[SourceDate "2014.11.20"]
[SourceVersion "1"]
[SourceVersionDate "2014.11.20"]
[SourceQuality "1"]

1. e4 c5 2. Nf3 d6 3. d4 cxd4 4. Nxd4 Nf6 5. Nc3 g6 6. Bc4 Bg7 7. h3 0-0 8. Bb3 Nc6 9. Be3 Bd7 10. 0-0 Nxd4 11. Bxd4 Bc6 12. Qd3 Nd7 13. Bxg7 Kxg7 14. Rfe1 Kg8 15. Rad1 Nc5 16. Qd4 Qc7 17. Bd5 Nd7 18. Qd2 Nf6 19. Bb3 b5 20. a3 a5 21. Nd5 Bxd5 22. exd5 Rae8 23. Re3 Nd7 24. Qe2 Nc5 25. Re1 Qb6 26. Ba2 b4 27. Bc4 bxa3 28. bxa3 Qb2 29. Bb5 Rb8 30. a4 Qa2 31. Qd2 Nxa4 32. Qxa5 Ra8 33. Qd2 Nb6 34. Qd4 Nc8 35. c4 Qa7 36. Qf4 Qc5 37. Rf3 Ra3 38. Ree3 Rxe3 39. Rxe3 Kg7 40. Rf3 Qa7 41. Kh2 Qa1 42. g3 Qb2 43. h4 h5 44. Kg2 Qa1 45. Qe3 Qb2 46. Rf4 Qe5 47. Re4 Qf6 48. Bd7 Qb2 49. c5 dxc5 50. Qxc5 Qb6 51. Qc3+ Qf6 52. Qe3 Nd6 53. Rf4 Nf5 54. Qe4 e6 55. dxe6 fxe6 56. Qxe6 Nxh4+ 57. Kh3 1/2-1/2

[Event "Jakarta Japfa"]
[Site "Jakarta"]
[Date "2014.04.21"]
[Round "3"]
[White "Juswanto, Denny"]
[Black "Barus, Cerdas"]
[Result "1/2-1/2"]
[WhiteElo "2402"]
[BlackElo "2392"]
[PlyCount "60"]
[EventDate "2014.04.20"]
[EventType "tourn"]
[EventRounds "9"]
[EventCountry "INA"]
[EventCategory "8"]
[SourceTitle "EXT 2015"]
[Source "ChessBase"]
[SourceDate "2014.11.20"]
[SourceVersion "1"]
[SourceVersionDate "2014.11.20"]
[SourceQuality "1"]

1. e4 e6 2. d4 d5 3. Nd2 c5 4. exd5 Qxd5 5. Ngf3 cxd4 6. Bc4 Qd6 7. 0-0 Nf6 8. Nb3 Nc6 9. Nbxd4 Nxd4 10. Nxd4 a6 11. c3 Qc7 12. Bb3 Bd6 13. h3 0-0 14. Qf3 e5 15. Nc2 e4 16. Qe2 Qc5 17. Qe3 Qe5 18. f4 exf3 19. Qxe5 Bxe5 20. Rxf3 Re8 21. Bf4 Bf5 22. Bxe5 Rxe5 23. Re3 Rae8 24. Rae1 Rxe3 25. Rxe3 Bxc2 26. Rxe8+ Nxe8 27. Bxc2 Nd6 28. Bd3 Kf8 29. Kf2 h6 30. Ke3 Ke7 1/2-1/2

[Event "Jakarta Indonesia op 3rd"]
[Site "Jakarta"]
[Date "2013.10.14"]
[Round "6"]
[White "Juswanto, Denny"]
[Black "Zozulia, Anna"]
[Result "0-1"]
[WhiteElo "2417"]
[BlackElo "2330"]
[PlyCount "60"]
[EventDate "2013.10.10"]
[EventType "swiss"]
[EventRounds "11"]
[EventCountry "INA"]
[SourceTitle "CBM 156 Extra"]
[Source "ChessBase"]
[SourceDate "2013.10.22"]
[SourceVersion "1"]
[SourceVersionDate "2013.10.22"]
[SourceQuality "1"]

1. c4 g6 2. Nc3 Bg7 3. g3 d6 4. Bg2 Nf6 5. Nf3 e5 6. 0-0 0-0 7. d3 Nc6 8. Bg5 h6 9. Bxf6 Bxf6 10. Rb1 a5 11. a3 Bg7 12. b4 axb4 13. axb4 Be6 14. Nd2 e4 15. Nd5 exd3 16. exd3 Nd4 17. b5 c6 18. bxc6 bxc6 19. Nf4 Bf5 20. Nb3 Qc7 21. Nxd4 Bxd4 22. Qf3 Ra2 23. h4 Qa7 24. Bh3 Bxh3 25. Nxh3 Qd7 26. Nf4 Re8 27. Kg2 Re3 28. Qd1 Be5 29. Qb3 Rxg3+ 30. Kxg3 Qf5 0-1

[Event "Jakarta Indonesia op 2nd"]
[Site "Jakarta"]
[Date "2012.10.17"]
[Round "9"]
[White "Ehlvest, Jaan"]
[Black "Juswanto, Denny"]
[Result "1-0"]
[WhiteElo "2607"]
[BlackElo "2412"]
[PlyCount "72"]
[EventDate "2012.10.11"]
[EventType "swiss"]
[EventRounds "9"]
[EventCountry "INA"]
[SourceTitle "EXT 2013"]
[Source "ChessBase"]
[SourceDate "2012.11.22"]
[SourceVersion "1"]
[SourceVersionDate "2012.11.22"]
[SourceQuality "1"]

1. c4 Nf6 2. Nc3 e5 3. g3 Nc6 4. Bg2 Bb4 5. Nf3 0-0 6. 0-0 Bxc3 7. bxc3 d6 8. d3 h6 9. e4 a6 10. a4 Rb8 11. Rb1 Bd7 12. Nh4 Re8 13. Rb2 Ne7 14. f4 exf4 15. gxf4 b5 16. axb5 axb5 17. cxb5 Bxb5 18. c4 Bd7 19. Qd2 Nc6 20. Nf3 Nh5 21. Rxb8 Qxb8 22. Bb2 Qb4 23. Bc3 Qc5+ 24. Kh1 Rb8 25. Rg1 Rb3 26. f5 f6 27. Bf1 Kf8 28. Be2 Be8 29. Bd1 Rb1 30. Qc2 Rb8 31. Qa2 Qe3 32. Ne1 g5 33. fxg6 Nf4 34. Bg4 Ne5 35. Bxe5 dxe5 36. g7+ Kg8 1-0

[Event "Jakarta Telin op"]
[Site "Jakarta"]
[Date "2011.04.04"]
[Round "5"]
[White "Juswanto, Denny"]
[Black "Susanto, Andreas"]
[Result "1-0"]
[WhiteElo "2451"]
[BlackElo "2112"]
[PlyCount "63"]
[EventDate "2011.04.01"]
[EventType "swiss"]
[EventRounds "9"]
[EventCountry "INA"]
[SourceTitle "CBM 141 Extra"]
[Source "ChessBase"]
[SourceDate "2011.05.03"]
[SourceVersion "1"]
[SourceVersionDate "2011.05.03"]
[SourceQuality "1"]

1. e4 e5 2. Nf3 Nc6 3. Bc4 Bc5 4. c3 Nf6 5. d3 d6 6. 0-0 0-0 7. Bb3 Bg4 8. h3 Bh5 9. Nbd2 d5 10. Qe2 Re8 11. Re1 dxe4 12. dxe4 Bg6 13. Nh4 Bh5 14. Ndf3 Nd7 15. g4 Bg6 16. Nxg6 hxg6 17. Bxf7+ Kxf7 18. Qc4+ Kf8 19. Ng5 Bxf2+ 20. Kxf2 Qf6+ 21. Kg2 Ke7 22. Rf1 Qd6 23. Be3 Na5 24. Rf7+ Kd8 25. Qa4 Qd3 26. Rxd7+ Qxd7 27. Rd1 Nc6 28. Nf7+ Kc8 29. Rxd7 Kxd7 30. Qb3 Kc8 31. Qd5 a5 32. a4 1-0

[Event "Jakarta Telin op"]
[Site "Jakarta"]
[Date "2011.04.02"]
[Round "2"]
[White "Karlovich, Anastazia"]
[Black "Juswanto, Denny"]
[Result "0-1"]
[WhiteElo "2204"]
[BlackElo "2451"]
[PlyCount "126"]
[EventDate "2011.04.01"]
[EventType "swiss"]
[EventRounds "9"]
[EventCountry "INA"]
[SourceTitle "CBM 141 Extra"]
[Source "ChessBase"]
[SourceDate "2011.05.03"]
[SourceVersion "1"]
[SourceVersionDate "2011.05.03"]
[SourceQuality "1"]

1. e4 d6 2. d4 Nf6 3. Nc3 g6 4. Be3 c6 5. f3 Nbd7 6. Qd2 Qa5 7. g4 Bg7 8. Bd3 e5 9. Nge2 Rb8 10. Kf2 b5 11. a3 0-0 12. d5 cxd5 13. Nxd5 Qd8 14. Nxf6+ Nxf6 15. Bxa7 Rb7 16. Be3 d5 17. Ng3 Be6 18. Rad1 dxe4 19. Bxe4 Rd7 20. Qe2 Nxe4+ 21. Nxe4 f5 22. Bg5 Qb6+ 23. Be3 Qc6 24. gxf5 Bxf5 25. Bc5 Bxe4 26. Bxf8 Bxf3 27. Qxf3 Rf7 28. Qxf7+ Kxf7 29. Bxg7 Qxc2+ 30. Ke3 Kxg7 31. Rd2 Qc5+ 32. Ke2 e4 33. Rhd1 Qh5+ 34. Ke1 Qh4+ 35. Kf1 Qh3+ 36. Ke1 Qh4+ 37. Kf1 Qh3+ 38. Ke1 e3 39. Rd7+ Kf6 40. Ke2 h5 41. R7d6+ Kg7 42. b4 Qxh2+ 43. Kxe3 Qg3+ 44. Ke4 Qxa3 45. R6d4 Qg3 46. R1d3 Qg2+ 47. Ke5 h4 48. Rd7+ Kh6 49. Rd8 Qg5+ 50. Ke6 Qf5+ 51. Ke7 Kg7 52. R8d5 Qe4+ 53. Kd8 Qxb4 54. R3d4 Qf8+ 55. Kc7 Qf2 56. Rd7+ Kh6 57. Rd8 h3 58. Rh8+ Kg7 59. Rdd8 Qg3+ 60. Kb6 b4 61. Rhg8+ Kh6 62. Rh8+ Kg5 63. Rd5+ Kf6 0-1

[Event "Kuala Lumpur op 2nd"]
[Site "Kuala Lumpur"]
[Date "2005.08.23"]
[Round "6"]
[White "Ahmad, Maliki"]
[Black "Juswanto, Denny"]
[Result "0-1"]
[WhiteElo "2244"]
[BlackElo "2509"]
[PlyCount "48"]
[EventDate "2005.08.20"]
[EventType "swiss"]
[EventRounds "11"]
[EventCountry "MAS"]
[SourceTitle "CBM 108 Extra"]
[Source "ChessBase"]
[SourceDate "2005.11.04"]
[SourceVersion "1"]
[SourceVersionDate "2005.11.04"]
[SourceQuality "1"]

1. e4 d6 2. d4 Nf6 3. f3 g6 4. Be3 Bg7 5. Qd2 Nbd7 6. Nc3 c6 7. Nge2 b5 8. g4 Nb6 9. Ng3 h5 10. 0-0-0 hxg4 11. f4 Nc4 12. Bxc4 bxc4 13. f5 gxf5 14. Nxf5 Bxf5 15. exf5 Qa5 16. Qg2 Kd7 17. h3 Rab8 18. Rde1 Rxb2 19. Kxb2 Rb8+ 20. Kc1 Qxc3 21. Bg5 Qa1+ 22. Kd2 Qxd4+ 23. Kc1 Ne4 24. Qxe4 Rb1+ 0-1

[Event "Kuala Lumpur op 2nd"]
[Site "Kuala Lumpur"]
[Date "2005.08.23"]
[Round "7"]
[White "Juswanto, Denny"]
[Black "Tirto"]
[Result "1/2-1/2"]
[WhiteElo "2509"]
[BlackElo "2370"]
[PlyCount "36"]
[EventDate "2005.08.20"]
[EventType "swiss"]
[EventRounds "11"]
[EventCountry "MAS"]
[SourceTitle "CBM 108 Extra"]
[Source "ChessBase"]
[SourceDate "2005.11.04"]
[SourceVersion "1"]
[SourceVersionDate "2005.11.04"]
[SourceQuality "1"]

1. c4 c6 2. Nf3 d5 3. b3 Bg4 4. Bb2 Nd7 5. e3 e6 6. Be2 Ngf6 7. 0-0 h6 8. d4 Be7 9. Nbd2 0-0 10. Ne5 Bxe2 11. Qxe2 Nxe5 12. dxe5 Nd7 13. Rfd1 Qc7 14. Nf3 Bd8 15. cxd5 cxd5 16. Rdc1 Qa5 17. Bc3 Qb6 18. Bd4 Qa5 1/2-1/2

[Event "Kuala Lumpur op 2nd"]
[Site "Kuala Lumpur"]
[Date "2005.08.22"]
[Round "5"]
[White "Juswanto, Denny"]
[Black "Lahiri, Atanu"]
[Result "1/2-1/2"]
[WhiteElo "2509"]
[BlackElo "2344"]
[PlyCount "70"]
[EventDate "2005.08.20"]
[EventType "swiss"]
[EventRounds "11"]
[EventCountry "MAS"]
[SourceTitle "CBM 108 Extra"]
[Source "ChessBase"]
[SourceDate "2005.11.04"]
[SourceVersion "1"]
[SourceVersionDate "2005.11.04"]
[SourceQuality "1"]

1. e4 e6 2. d4 d5 3. Nd2 Nf6 4. e5 Nfd7 5. Bd3 c5 6. c3 Nc6 7. Ne2 Qb6 8. Nf3 cxd4 9. cxd4 f6 10. exf6 Nxf6 11. 0-0 Bd6 12. Ng3 0-0 13. Re1 Bd7 14. a3 Kh8 15. Bc2 Rae8 16. Ba4 e5 17. Bxc6 bxc6 18. dxe5 Ng4 19. Be3 Nxe3 20. Rxe3 Bc5 21. Re2 Bg4 22. Qd3 Bxf3 23. gxf3 Qc7 24. Rc1 Bb6 25. e6 Qd6 26. Rce1 Rf6 27. e7 Rf7 28. Qc3 Rfxe7 29. Rxe7 Rxe7 30. Rxe7 Qxe7 31. Qxc6 Qe1+ 32. Kg2 Qxf2+ 33. Kh3 h6 34. Qc8+ Kh7 35. Qf5+ Kh8 1/2-1/2

[Event "Kuala Lumpur op 2nd"]
[Site "Kuala Lumpur"]
[Date "2005.08.21"]
[Round "4"]
[White "Prayitno, Sugeng"]
[Black "Juswanto, Denny"]
[Result "1/2-1/2"]
[WhiteElo "2333"]
[BlackElo "2509"]
[PlyCount "118"]
[EventDate "2005.08.20"]
[EventType "swiss"]
[EventRounds "11"]
[EventCountry "MAS"]
[SourceTitle "CBM 108 Extra"]
[Source "ChessBase"]
[SourceDate "2005.11.04"]
[SourceVersion "1"]
[SourceVersionDate "2005.11.04"]
[SourceQuality "1"]

1. d4 d5 2. c4 e6 3. Nc3 Be7 4. Nf3 Nf6 5. Bg5 0-0 6. e3 b6 7. Bxf6 Bxf6 8. cxd5 exd5 9. b4 c5 10. bxc5 bxc5 11. Rc1 c4 12. Be2 Nc6 13. 0-0 Bf5 14. Ne5 Ne7 15. f4 Qb6 16. Qd2 Rad8 17. Rfd1 g6 18. g4 Bc8 19. Na4 Qd6 20. Nc5 Bg7 21. h3 g5 22. Rf1 Ng6 23. Qa5 Rde8 24. Rf2 f6 25. Ne4 Qd8 26. Qxd8 Rxd8 27. Nxg6 hxg6 28. Nc3 gxf4 29. Rxf4 Bh6 30. Rf3 Bg5 31. Rb1 Be6 32. Rb5 Rf7 33. Bf1 Re7 34. Kf2 Bf7 35. Ke2 Kg7 36. Kd2 Rde8 37. Nxd5 Re4 38. Bxc4 Rxd4+ 39. Kc3 Rde4 40. Rb7 Rc8 41. Rxf7+ Kxf7 42. Nb6+ Rcxc4+ 43. Nxc4 Ke6 44. Kd3 Kd5 45. Na3 Rb4 46. Rf2 Ra4 47. Nb1 Rb4 48. Nc3+ Ke5 49. Rf1 Rb7 50. Rb1 Rd7+ 51. Ke2 Rc7 52. Rb5+ Ke6 53. Kd3 Rd7+ 54. Ke4 Rh7 55. Ra5 f5+ 56. gxf5+ gxf5+ 57. Kd3 Rxh3 58. Nd1 Rh7 59. Ra6+ Ke5 1/2-1/2

[Event "Kuala Lumpur op 2nd"]
[Site "Kuala Lumpur"]
[Date "2005.08.20"]
[Round "1"]
[White "Juswanto, Denny"]
[Black "Bakri, Anas Nazreen"]
[Result "1-0"]
[WhiteElo "2509"]
[BlackElo "2150"]
[PlyCount "79"]
[EventDate "2005.08.20"]
[EventType "swiss"]
[EventRounds "11"]
[EventCountry "MAS"]
[SourceTitle "CBM 108 Extra"]
[Source "ChessBase"]
[SourceDate "2005.11.04"]
[SourceVersion "1"]
[SourceVersionDate "2005.11.04"]
[SourceQuality "1"]

1. Nf3 Nf6 2. c4 e6 3. d4 d5 4. Nc3 c6 5. e3 Bd6 6. Bd3 Nbd7 7. 0-0 0-0 8. e4 dxe4 9. Nxe4 Nxe4 10. Bxe4 h6 11. Re1 e5 12. Bc2 exd4 13. Qxd4 Nf6 14. Bxh6 Bxh2+ 15. Kxh2 Ng4+ 16. Kg1 Qxd4 17. Nxd4 Nxh6 18. c5 Rd8 19. Rad1 Kf8 20. f3 Bd7 21. Kf2 Rac8 22. g4 b6 23. b4 g6 24. Bb3 bxc5 25. bxc5 Be8 26. Ne2 Rxd1 27. Rxd1 Ke7 28. Ng3 Ng8 29. g5 Rd8 30. Rxd8 Kxd8 31. Ne4 Ke7 32. Nd6 Kf8 33. Ke3 Ne7 34. Ke4 a5 35. Ke5 Ng8 36. Nxe8 Kxe8 37. Kd6 Ne7 38. f4 Nf5+ 39. Kxc6 Nd4+ 40. Kb7 1-0

[Event "Jakarta Makita Lakoni"]
[Site "Jakarta"]
[Date "2004.02.23"]
[Round "8"]
[White "Megaranto, Susanto"]
[Black "Juswanto, Denny"]
[Result "0-1"]
[WhiteElo "2458"]
[BlackElo "2505"]
[PlyCount "88"]
[EventDate "2004.02.16"]
[EventType "tourn"]
[EventRounds "10"]
[EventCountry "INA"]
[EventCategory "10"]
[SourceTitle "CBM 100"]
[Source "ChessBase"]
[SourceDate "2004.06.01"]
[SourceVersion "1"]
[SourceVersionDate "2004.06.01"]
[SourceQuality "1"]

1. Nf3 c5 2. c4 Nc6 3. Nc3 g6 4. g3 Bg7 5. Bg2 e6 6. 0-0 Nge7 7. d3 d5 8. cxd5 exd5 9. Bd2 0-0 10. Rc1 b6 11. a3 h6 12. Na4 a5 13. Qb3 Rb8 14. Bf4 Rb7 15. Rfe1 g5 16. Bd2 Nf5 17. h3 Re8 18. e3 Rb8 19. Qc2 Be6 20. g4 Nd6 21. e4 dxe4 22. dxe4 Nb5 23. Be3 Nbd4 24. Nxd4 Nxd4 25. Bxd4 Bxd4 26. Nc3 Qf6 27. a4 Qe5 28. Qd2 Rbd8 29. Qc2 Kg7 30. Qe2 Bb3 31. Qb5 c4 32. Qxe5+ Bxe5 33. Bf1 Rd2 34. Re2 Red8 35. Nd5 Rxe2 36. Bxe2 Bxb2 37. Rb1 Bd4 38. Bd1 Ba2 39. Rb5 c3 40. Bc2 Rd6 41. Kg2 Bc5 42. Nxc3 Rd2 43. Bb3 Bxb3 44. Rxb3 Rd3 0-1

[Event "Jakarta Makita Lakoni"]
[Site "Jakarta"]
[Date "2004.02.19"]
[Round "4"]
[White "Stefanova, Antoaneta"]
[Black "Juswanto, Denny"]
[Result "1-0"]
[WhiteElo "2478"]
[BlackElo "2505"]
[PlyCount "85"]
[EventDate "2004.02.16"]
[EventType "tourn"]
[EventRounds "10"]
[EventCountry "INA"]
[EventCategory "10"]
[SourceTitle "CBM 100"]
[Source "ChessBase"]
[SourceDate "2004.06.01"]
[SourceVersion "1"]
[SourceVersionDate "2004.06.01"]
[SourceQuality "1"]

1. d4 Nf6 2. Bg5 Ne4 3. Bf4 d5 4. e3 c5 5. Bd3 Nd6 6. dxc5 Qa5+ 7. Nc3 Nc4 8. Nge2 Nc6 9. Bxc4 dxc4 10. Nd4 Bd7 11. Qh5 g6 12. Qd5 Bg7 13. 0-0-0 Rd8 14. Qxc4 Nxd4 15. exd4 0-0 16. Rhe1 b5 17. cxb6 axb6 18. Rxe7 Qf5 19. g3 b5 20. Qb4 Rc8 21. Re2 Qh5 22. Red2 Rfe8 23. h4 Bf8 24. Qb3 Rc4 25. a3 Qf3 26. Kb1 Qb7 27. d5 Rec8 28. Be3 Bg7 29. Bd4 Bxd4 30. Rxd4 Qb6 31. Rxc4 Rxc4 32. Rd2 Qc5 33. Nd1 b4 34. Ne3 Re4 35. Qd3 Bf5 36. axb4 Qxb4 37. Nxf5 Re1+ 38. Rd1 gxf5 39. d6 Qe4 40. Qd2 Re2 41. Qc3 Qe8 42. d7 Qd8 43. Qc8 1-0

[Event "Jakarta Makita Lakoni"]
[Site "Jakarta"]
[Date "2004.02.17"]
[Round "2"]
[White "Hoang, Thanh Trang"]
[Black "Juswanto, Denny"]
[Result "0-1"]
[WhiteElo "2447"]
[BlackElo "2505"]
[PlyCount "112"]
[EventDate "2004.02.16"]
[EventType "tourn"]
[EventRounds "10"]
[EventCountry "INA"]
[EventCategory "10"]
[SourceTitle "CBM 100"]
[Source "ChessBase"]
[SourceDate "2004.06.01"]
[SourceVersion "1"]
[SourceVersionDate "2004.06.01"]
[SourceQuality "1"]

1. d4 Nf6 2. c4 e6 3. Nc3 Bb4 4. Qc2 d5 5. cxd5 exd5 6. Bg5 h6 7. Bxf6 Qxf6 8. a3 Bxc3+ 9. Qxc3 c6 10. e3 0-0 11. Nf3 Re8 12. Bd3 Be6 13. 0-0 Nd7 14. Ne5 Rad8 15. b4 Bf5 16. Nxd7 Rxd7 17. b5 Re6 18. Rfc1 Qg5 19. Bxf5 Qxf5 20. bxc6 Rxc6 21. Qb3 Qe6 22. Rab1 Rdc7 23. Rxc6 Qxc6 24. h3 Qg6 25. Qb5 Qf5 26. Rb2 Kh7 27. Qe8 b6 28. Qd8 Rc1+ 29. Kh2 Rf1 30. Qd6 f6 31. f3 Re1 32. Rb5 Rxe3 33. Rxd5 Qg6 34. Rb5 Qc2 35. Rh5 Rxf3 36. Rh4 Rf1 37. Qe7 f5 38. Qe3 Qc7+ 39. Qe5 Qxe5+ 40. dxe5 Re1 41. Ra4 a5 42. Rc4 Rxe5 43. Rc6 b5 44. Rb6 f4 45. Kg1 Re3 46. Rxb5 Rxa3 47. Rb6 Ra2 48. h4 a4 49. Rb4 g5 50. hxg5 hxg5 51. Rb6 a3 52. Ra6 g4 53. g3 f3 54. Rf6 Rg2+ 55. Kf1 a2 56. Ra6 Rb2 0-1

[Event "Wismilak"]
[Site "Surabaya"]
[Date "2002.07.27"]
[Round "8"]
[White "Juswanto, Denny"]
[Black "Sadikin The, Irwanto"]
[Result "1-0"]
[WhiteElo "2520"]
[BlackElo "2362"]
[PlyCount "71"]
[EventDate "2002.07.22"]
[EventType "tourn"]
[EventRounds "11"]
[EventCountry "IND"]
[EventCategory "8"]
[SourceTitle "CBM 089 Extra"]
[Source "ChessBase"]
[SourceDate "2002.09.10"]
[SourceVersion "2"]
[SourceVersionDate "2002.09.10"]
[SourceQuality "1"]

1. Nf3 Nf6 2. c4 e6 3. g3 d5 4. Bg2 Be7 5. 0-0 0-0 6. d4 dxc4 7. Qc2 a6 8. Qxc4 b5 9. Qc2 Bb7 10. Bf4 Nc6 11. Rd1 Nb4 12. Qc1 Qc8 13. Bg5 c5 14. Bxf6 Bxf6 15. a3 Nd5 16. dxc5 Be7 17. b4 a5 18. e4 Nf6 19. e5 Nd5 20. Nc3 axb4 21. Nxd5 Bxd5 22. axb4 f6 23. Qe3 Rxa1 24. Rxa1 Qb7 25. exf6 Bxf6 26. Rd1 e5 27. Nh4 e4 28. Nf5 Ra8 29. Nd6 Qc6 30. Bxe4 Bxe4 31. Qb3+ Bd5 32. Qxd5+ Qxd5 33. Rxd5 Ra1+ 34. Kg2 Rb1 35. c6 Rc1 36. Rc5 1-0